All Teams to Ever Play a FIFA World Cup - One Minute Sprint - Statistics

General Stats
  • This quiz has been taken 2,050 times
  • The average score is 26 of 81
Answer Stats
Team % Correct
Brazil
88%
Argentina
80%
Germany / West Germany
77%
France
76%
England
75%
Spain
74%
United States
70%
Italy
66%
Portugal
61%
Canada
57%
Mexico
56%
Russia / Soviet Union
54%
Uruguay
54%
Japan
50%
Ireland
48%
Netherlands
48%
Sweden
47%
Wales
47%
Chile
46%
Scotland
46%
Belgium
43%
Colombia
43%
Australia
42%
South Korea
42%
China
39%
Austria
36%
Denmark
36%
Peru
36%
Poland
36%
Norway
34%
Switzerland
31%
Iceland
30%
Paraguay
30%
Ecuador
29%
Croatia
27%
Iran
27%
Costa Rica
26%
Greece
25%
Morocco
25%
Egypt
24%
North Korea
24%
Ukraine
24%
Bolivia
23%
New Zealand
23%
South Africa
23%
Algeria
22%
Ghana
22%
Hungary
22%
Northern Ireland
22%
Qatar
22%
Turkey
22%
Iraq
21%
Nigeria
21%
Panama
21%
Serbia / Serbia & Montenegro
20%
Czech Republic / Czechoslovakia
19%
Saudi Arabia
19%
Cameroon
18%
Honduras
17%
Senegal
17%
Slovakia
17%
Slovenia
17%
Cuba
16%
Romania
16%
Bulgaria
15%
United Arab Emirates
15%
Haiti
13%
Jamaica
13%
Tunisia
13%
Angola
12%
East Germany
12%
Trinidad and Tobago
12%
Yugoslavia
12%
Bosnia & Herzegovina
11%
Dutch East Indies
11%
El Salvador
10%
Ivory Coast
10%
Kuwait
10%
Togo
10%
Israel
9%
Zaire
9%
No matching quizzes found
Score Distribution
Percent of People with Each Score
Percentile by Number Answered
Your Score History
You have not taken this quiz